Header

Contribution of Bosco Pnar Multipurpose Vocational Training Centre, Jowai : a case study (Record no. 177769)

MARC details
000 -LEADER
fixed length control field 00546nam a22001577a 4500
008 - FIXED-LENGTH DATA ELEMENTS--GENERAL INFORMATION
fixed length control field 211005b ||||| |||| 00| 0 eng d
082 ## - DEWEY DECIMAL CLASSIFICATION NUMBER
Classification number 370.1130954164
Item number BAR
100 ## - MAIN ENTRY--PERSONAL NAME
Personal name Bareh, Preciously
245 ## - TITLE STATEMENT
Title Contribution of Bosco Pnar Multipurpose Vocational Training Centre, Jowai : a case study
260 ## - PUBLICATION, DISTRIBUTION, ETC. (IMPRINT)
Place of publication, distribution, etc Shillong
Name of publisher, distributor, etc Department of Education, NEHU
Date of publication, distribution, etc 2012
300 ## - PHYSICAL DESCRIPTION
Extent ix,137p.:ill.,table.;28cm.
502 ## - DISSERTATION NOTE
Degree type M.Ed.
650 ## - SUBJECT ADDED ENTRY--TOPICAL TERM
Topical term or geographic name as entry element Vocational education-India-Meghalaya-Jowai-Research
700 ## - ADDED ENTRY--PERSONAL NAME
Personal name Henia, A.
Relator term Supervisor/Guide
942 ## - ADDED ENTRY ELEMENTS (KOHA)
Koha item type Thesis
Holdings
Withdrawn status Lost status Source of classification or shelving scheme Damaged status Not for loan Collection code Home library Current library Shelving location Date acquired Total Checkouts Full call number Barcode Date last seen Koha item type
    Dewey Decimal Classification     UNIV. PUB. & THESIS North Eastern Hill University North Eastern Hill University Dissertation & Thesis 04/10/2021   DS 370.1130954164 BAR 104700 04/10/2021 Thesis